|
|
|
|
| LEADER |
01052nam a2200265 u 4500 |
| 001 |
10024339 |
| 003 |
upatras |
| 005 |
20210117205843.0 |
| 008 |
960920s1984 ge eng |
| 020 |
|
|
|a 3540133976
|q (Χαρτόδ. σκληρό)
|
| 040 |
|
|
|a GR-PaULI
|c GR-PaULI
|
| 041 |
0 |
|
|a eng
|
| 100 |
1 |
|
|a Mouritsen, Ole G.
|9 69912
|
| 245 |
1 |
0 |
|a Computer studies of phase transitions and critical phenomena
|c Ole G. Mouritsen
|
| 260 |
|
|
|a Berlin
|b Springer Verlag
|c 1984
|
| 300 |
|
|
|a xii, 200 p.
|b fig.
|c 23,5 cm
|
| 490 |
0 |
|
|a Springer series in computational physics
|
| 500 |
|
|
|a With 79 figures
|
| 505 |
1 |
|
|a Includes bibliography . - index
|
| 650 |
|
4 |
|a Στατιστική μηχανική
|9 736
|
| 760 |
1 |
|
|a Springer series in computational physics
|
| 852 |
|
|
|a GR-PaULI
|b ΠΑΤΡΑ
|b ΦΥΣΙΚΟ
|k ΑΕΧ-1
|h 536.7 MOU
|m 05860
|p 025000021151
|t 1
|
| 942 |
|
|
|2 ddc
|c BK15
|
| 952 |
|
|
|0 0
|1 0
|4 0
|6 536_700000000000000_MOU
|7 0
|9 193454
|a PHYS
|b PHYS
|d 2016-04-24
|i 05860
|l 0
|o 536.7 MOU
|p 025000021151
|r 2016-04-24 00:00:00
|t 1
|w 2016-04-24
|y BK15
|
| 999 |
|
|
|c 118611
|d 118611
|